[Event "AUTO-OPEN-4640"]
[Site "http://www.queenalice.com/game.php?id=1869639"]
[Date "2026.2.22"]
[Round "1"]
[White "Carlos19"]
[Black "EdsonEstevam"]
[Result "0-1"]
[WhiteElo "1835"]
[BlackElo "1764"]

1. e4 e5 2. Nf3 Nc6 3. Bc4 h6 4. d3 Nf6 5. Nc3 a6 6. a3 d6 7. Nd5 Bg4 8. h3 Bxf3
9. Qxf3 Nd4 10. Qd1 b5 11. Nxf6+ Qxf6 12. Bb3 c6 13. O-O a5 14. a4 b4 15. Ba2
Qg6 16. b3 Be7 17. Be3 c5 18. f4 Nc6 19. f5 Qf6 20. g4 Qh4 21. Qf3 Bg5 22. Kh2
Bxe3 23. Qxe3 h5 24. g5 Nd4 25. Rac1 g6 26. f6 Ne6 27. Rg1 Rd8 28. Qg3 Qxg3+ 29.
Rxg3 Nf4 30. Re1 d5 31. exd5 Rxd5 32. Ree3 Kd7 33. h4 Rd4 34. Re4 Ke6 35. Kh1
Rhd8 36. Ree3 Nd5 37. Ref3 Rxh4+ 38. Rh3 Rxh3+ 39. Rxh3 Nc3 40. Rh4 Nxa2 41. Rh3
Nc3 42. Re3 Kf5 43. Rg3 h4 44. Rg2 Rd4 45. Kh2 Rg4 46. Rxg4 Kxg4 47. Kg2 Kxg5
48. Kh2 Kxf6 49. Kh3 g5 50. Kg4 Kg6 51. Kh3 f5 52. Kg2 g4 53. Kh2 f4 54. d4 cxd4
55. Kg2 h3+ 56. Kh2 Kg5 57. Kh1 g3 58. Kg1 f3 59. Kh1 Kg4 60. Kg1 h2+ 61. Kh1
Ne2 62. c3 Kh3 63. cxd4 g2# 0-1

[Event "AUTO-OPEN-4640"]
[Site "http://www.queenalice.com/game.php?id=1869640"]
[Date "2026.2.22"]
[Round "1"]
[White "EdsonEstevam"]
[Black "Carlos19"]
[Result "0-1"]
[WhiteElo "1771"]
[BlackElo "1799"]

1. e4 e5 2. Nf3 Nc6 3. Bb5 Bd6 4. Bxc6 dxc6 5. h3 h6 6. a3 Nf6 7. Nc3 a6 8. d4
Nd7 9. b4 b5 10. O-O exd4 11. Nxd4 O-O 12. Nxc6 Qf6 13. Bd2 Qg6 14. e5 Nxe5 15.
Nd4 c5 16. bxc5 Bxc5 17. Nb3 Ba7 18. Re1 Bb7 19. g3 Qf5 20. Bf4 Nf3+ 21. Kf1
Qxh3+ 22. Ke2 Rfe8+ 0-1

[Event "Challenge"]
[Site "http://www.queenalice.com/game.php?id=1870233"]
[Date "2026.3.8"]
[Round "-"]
[White "jogo"]
[Black "Carlos19"]
[Result "0-1"]
[WhiteElo "1729"]
[BlackElo "1729"]

1. e4 e5 2. Nf3 Nc6 3. c3 Bc5 4. d4 exd4 5. cxd4 Bb4+ 6. Nc3 Bxc3+ 7. bxc3 d6 8.
d5 Nce7 9. Bb5+ c6 10. dxc6 bxc6 11. Bc4 d5 12. exd5 cxd5 13. Bb5+ Bd7 14. Bxd7+
Qxd7 0-1

[Event "Challenge"]
[Site "http://www.queenalice.com/game.php?id=1870236"]
[Date "2026.3.8"]
[Round "-"]
[White "Carlos19"]
[Black "jogo"]
[Result "1-0"]
[WhiteElo "1723"]
[BlackElo "1782"]

1. e4 c5 2. Bc4 Nc6 3. Nf3 d6 4. Nc3 h6 5. d3 Nf6 6. Nd5 Nxd5 7. Bxd5 Qc7 8. O-O
e6 9. Bxc6+ Qxc6 10. c4 Be7 11. e5 1-0